La ciudad democrática

Furkejuvvon:
Bibliográfalaš dieđut
Váldodahkki: Botella Corral, Joan (Dahkki)
Materiálatiipa: Girji
Giella:espánnjágiella
Almmustuhtton: Barcelona Ediciones del Serbal 1999
Preanttus:1a. ed
Fáttát:
Fáddágilkorat: Lasit fáddágilkoriid
Eai fáddágilkorat, Lasit vuosttaš fáddágilkora!

MARC

LEADER 00000cam a2200000 a 4500
001 UCE1508
003 CL-VaPUC
008 140502e19990000sp |||||||||||||||||spa|d
020 |a 8476282699 
082 0 4 |a 337.142  |b BOT  |2 21 
100 0 |a Botella Corral, Joan  |e author  |9 573852 
245 1 3 |a La ciudad democrática 
250 |a 1a. ed 
300 |a 222 p 
942 |c BK 
945 |d 20140502 10:02:00  |a dcastane 
260 |a Barcelona  |b Ediciones del Serbal  |c 1999 
650 0 |a Democracia  |9 255256 
650 7 |a DERECHOS COMUNITARIOS  |2 CL-VaPUC  |9 334159 
650 7 |a MERCADO COMUN EUROPEO  |2 CL-VaPUC  |9 334150 
650 0 |a Comunidad Europea  |9 255772 
583 |a last modification  |c 20170808 01:57:25  |k Rodrigo Vera 
999 |c 355284  |d 355282 
952 |0 0  |1 0  |3 erb  |4 0  |6 337_142000000000000_BOT_1999  |7 0  |8 A  |9 461942  |a BIBING  |b BIBING  |i 5069785  |o 337.142 BOT 1999  |p 5069785  |r 2025-01-20  |w 2019-11-23  |y BK  |z Catalogado en:20140502  |k GEO